书目信息 |
| 题名: |
两相流体力学
|
|
| 作者: | 孔珑 主编 | |
| 分册: | ||
| 出版信息: | 北京 高等教育出版社 2008.04 |
|
| 页数: | 175页 | |
| 开本: | 23cm | |
| 丛书名: | ||
| 单 册: | ||
| 中图分类: | O359 | |
| 科图分类: | ||
| 主题词: | 二相流动--多相流体力学--高等学校--教材 , 多相流体力学 , 二相流动 , 流体力学 | |
| 电子资源: | ||
| ISBN: | 7-04-013083-1 | |
| 000 | 00832nam0 2200277 45 | |
| 001 | 012004000000 | |
| 005 | 20120324111723.43 | |
| 010 | @a7-04-013083-1@dCNY 18.40 | |
| 100 | @a20040705d2008 em y0chiy0121 ea | |
| 101 | 0 | @achi |
| 102 | @aCN@b110000 | |
| 105 | @aak z 001yy | |
| 200 | 1 | @a两相流体力学@Aliang xiang liu ti li xue@dTwo-phase fluid mechanics@f孔珑主编@zeng |
| 210 | @a北京@c高等教育出版社@d2008.04 | |
| 215 | @a175页@c图, 表格@d23cm | |
| 300 | @a普通高等教育“九五”国家级重点教材 | |
| 320 | @a书末附主要参考文献和索引 | |
| 510 | 1 | @aTwo-phase fluid mechanics@zeng |
| 606 | 0 | @a二相流动@x多相流体力学@x高等学校@j教材 |
| 606 | 0 | @a多相流体力学 |
| 606 | 0 | @a二相流动 |
| 606 | 0 | @a流体力学 |
| 690 | @aO359@v4 | |
| 701 | 0 | @a孔珑@Akong long@4主编 |
| 801 | 0 | @aCN@bQSSKw@c20040705 |
| 905 | @dO359@eK752 | |
| 两相流体力学=Two-phase fluid mechanics/孔珑主编.-北京:高等教育出版社,2008.04 |
| 175页:图, 表格;23cm |
| 普通高等教育“九五”国家级重点教材 |
| ISBN 7-04-013083-1:CNY 18.40 |
| ● |
| 相关链接 |
|
|
|
正题名:两相流体力学
索取号:O359/K752
 
预约/预借
| 序号 | 登录号 | 条形码 | 馆藏地/架位号 | 状态 | 备注 |
| 1 | 387129 | 203871293 | 自科库401/401自科库 53排7列4层/ [索取号:O359/K752] | 在馆 | |
| 2 | 387130 | 203871300 | 自科库401/401自科库 53排7列4层/ [索取号:O359/K752] | 在馆 | |
| 3 | 387131 | 203871319 | 自科库401/401自科库 53排7列4层/ [索取号:O359/K752] | 在馆 |